[Event "BL 9192 Dortmund-Buna Halle"]
[Site "?"]
[Date "1992.??.??"]
[Round "?.3"]
[White "Hennings, A."]
[Black "Schmittdiel, E."]
[Result "1/2-1/2"]
[WhiteElo "2375"]
[BlackElo "2485"]
[PlyCount "160"]
[EventDate "1992.??.??"]

1. e4 c5 2. Nc3 Nc6 3. Bb5 g6 4. Nge2 Bg7 5. O-O Nf6 6. Bxc6 dxc6 7. d3 O-O 8.
Be3 b6 9. h3 Ne8 10. Qd2 Nc7 11. Bh6 Ne6 12. Bxg7 Kxg7 13. Rad1 Nd4 14. Nxd4
Qxd4 15. b3 e5 16. Ne2 Qd6 17. f4 f6 18. Qc3 exf4 19. Rxf4 Bd7 20. Rdf1 Rae8
21. Kh1 Re5 22. Qe1 h6 23. Ng3 Re7 24. Qe3 Qe5 25. R4f2 Qg5 26. Qxg5 hxg5 27.
Kh2 Re5 28. Ne2 Rf7 29. Ng1 g4 30. h4 Rh5 31. Kg3 f5 32. Ne2 Re7 33. Nf4 Rh8
34. Re2 Rhe8 35. Rfe1 Kf6 36. e5+ Kf7 37. Re3 Be6 38. c4 Rh8 39. Rd1 Rd7 40.
Re2 Rhd8 41. Red2 b5 42. Rc1 bxc4 43. bxc4 Rb8 44. Rc3 Rb4 45. Rdc2 a5 46. Ra3
a4 47. Kf2 Re7 48. Re2 Kg7 49. g3 Bf7 50. e6 Bg8 51. Re5 Kf6 52. Rxc5 Rb6 53.
d4 Bxe6 54. Nd3 Ra7 55. Ke3 Bd7 56. Ne5 Be8 57. Nd3 Rb1 58. Re5 Bf7 59. Rc5 Be8
60. Re5 Bd7 61. Rc3 Rf1 62. Ke2 Ra1 63. Rc2 a3 64. Nc5 Bc8 65. Re8 Re7+ 66.
Rxe7 Kxe7 67. Nd3 Rg1 68. Kf2 Rh1 69. Re2+ Kf6 70. Nb4 Be6 71. d5 cxd5 72. cxd5
Bd7 73. Nc2 Rd1 74. Nxa3 Rxd5 75. Nb1 Rc5 76. Rb2 Bc6 77. Nd2 Ke5 78. Nf1 Ra5
79. Ne3 Ra4 80. a3 Be4 1/2-1/2

[Event "BL 9192 Dortmund-Buna Halle"]
[Site "?"]
[Date "1992.??.??"]
[Round "?.4"]
[White "Mainka, R."]
[Black "Schoeneberg, M."]
[Result "1/2-1/2"]
[WhiteElo "2455"]
[BlackElo "2335"]
[PlyCount "93"]
[EventDate "1992.??.??"]

1. e4 c5 2. Nf3 e6 3. d4 cxd4 4. Nxd4 Nf6 5. Nc3 d6 6. Be2 Be7 7. O-O O-O 8. f4
Nc6 9. Be3 Bd7 10. Nb3 a6 11. a4 b6 12. Qe1 Nb4 13. Rc1 e5 14. Qg3 Bc6 15. fxe5
Nxe4 16. Qg4 Qc8 17. Nxe4 Qxg4 18. Bxg4 Bxe4 19. exd6 Bxd6 20. Bf3 Bxf3 21.
Rxf3 Be5 22. c3 Nd5 23. Bf2 Rfd8 24. Re1 Bc7 25. h3 g6 26. Kf1 Re8 27. Rd1 Rad8
28. Rfd3 Nf4 29. Rd7 Ne6 30. c4 Rxd7 31. Rxd7 Rd8 32. Rxd8+ Bxd8 33. Ke2 Nf4+
34. Kf3 Nd3 35. Bd4 f5 36. c5 bxc5 37. Nxc5 Nxc5 38. Bxc5 Kf7 39. b4 Ke6 40. b5
axb5 41. axb5 Kd5 42. Bf2 g5 43. Ba7 Bf6 44. Be3 Be7 45. h4 gxh4 46. Kf4 Bc5
47. Bxc5 1/2-1/2

[Event "BL 9192 Dortmund-Buna Halle"]
[Site "?"]
[Date "1992.??.??"]
[Round "?.5"]
[White "Trapl, J."]
[Black "Keitlinghaus, L."]
[Result "1/2-1/2"]
[WhiteElo "2385"]
[BlackElo "2440"]
[PlyCount "104"]
[EventDate "1992.??.??"]

1. d4 f5 2. g3 Nf6 3. Bg2 e6 4. Nd2 d5 5. Nh3 Be7 6. O-O Nc6 7. Nf3 O-O 8. Nf4
Ne4 9. Nd3 Bf6 10. c3 b6 11. Qc2 Ba6 12. b3 Rc8 13. Bb2 Na5 14. Rfd1 Qe7 15.
Nfe5 c5 16. dxc5 Bxe5 17. Nxe5 Qxc5 18. Nd3 Bxd3 19. exd3 Nxc3 20. d4 Qc7 21.
Rdc1 Nb5 22. Qxc7 Rxc7 23. Bf1 a6 24. Rxc7 Nxc7 25. Rc1 Rf7 26. Ba3 Rd7 27. h4
h5 28. Kg2 Kf7 29. Kf3 Ne8 30. Bxa6 Ra7 31. Bb5 Nxb3 32. Bxe8+ Kxe8 33. axb3
Rxa3 34. Rc7 Rxb3+ 35. Kf4 Rb2 36. f3 Kf8 37. Rb7 Rb3 38. Ke5 Re3+ 39. Kf4 Rb3
40. Ke5 Re3+ 41. Kf4 Rd3 42. Ke5 Rxf3 43. Kxe6 Kg8 44. Kxd5 f4 45. gxf4 Rxf4
46. Ke5 Rxh4 47. d5 Rh1 48. d6 Re1+ 49. Kf5 Kf8 50. Rb8+ Re8 51. Rxb6 Re1 52.
Rb8+ Re8 1/2-1/2

[Event "BL 9192 Dortmund-Buna Halle"]
[Site "?"]
[Date "1992.??.??"]
[Round "?.6"]
[White "Thesing, M."]
[Black "Liebert, H."]
[Result "1/2-1/2"]
[WhiteElo "2415"]
[BlackElo "2395"]
[PlyCount "87"]
[EventDate "1992.??.??"]

1. e4 c5 2. Nc3 Nc6 3. Bb5 Nd4 4. a4 g6 5. Nge2 Bg7 6. O-O a6 7. Bd3 e6 8. Nxd4
cxd4 9. Ne2 d5 10. exd5 Qxd5 11. b3 Ne7 12. Ba3 Bd7 13. Ng3 Bc6 14. Be4 Qd7 15.
Re1 Nd5 16. Bf3 f5 17. Rc1 Kf7 18. c4 dxc3 19. dxc3 Rhd8 20. Ne2 e5 21. c4 Ne7
22. Bxc6 Qxd1 23. Rexd1 Nxc6 24. Kf1 Bh6 25. Rb1 Bd2 26. Bc5 Bb4 27. Bb6 Rxd1+
28. Rxd1 Ke6 29. c5 Rc8 30. Nc1 Nd4 31. Nd3 a5 32. f4 Nxb3 33. Nxb4 axb4 34.
Rd6+ Ke7 35. fxe5 Nxc5 36. Bxc5 Rxc5 37. Rb6 Rc7 38. h4 b3 39. g3 b2 40. Rxb2
Ke6 41. Rb5 Rc4 42. Rxb7 Rxa4 43. Rxh7 Kxe5 44. Re7+ 1/2-1/2

[Event "BL 9192 Dortmund-Buna Halle"]
[Site "?"]
[Date "1992.??.??"]
[Round "?.8"]
[White "Stein, B."]
[Black "Becker, Mi"]
[Result "1/2-1/2"]
[WhiteElo "2355"]
[BlackElo "2310"]
[PlyCount "51"]
[EventDate "1992.??.??"]

1. Nf3 c5 2. c4 Nc6 3. d4 cxd4 4. Nxd4 g6 5. e4 Bg7 6. Nc2 d6 7. Be2 Nh6 8. g4
Be6 9. Nc3 Qd7 10. h3 O-O-O 11. Be3 f5 12. exf5 gxf5 13. g5 f4 14. Bxf4 Nf5 15.
Qd2 Nfd4 16. Nxd4 Nxd4 17. O-O-O Nxe2+ 18. Qxe2 Bxc3 19. bxc3 Bf5 20. Kb2 Qc6
21. Be3 Kb8 22. h4 e5 23. Rhe1 Be6 24. c5 dxc5 25. Rxd8+ Rxd8 26. Rd1 1/2-1/2

[Event "BL 9192 Solingen-Empor Berlin"]
[Site "?"]
[Date "1992.??.??"]
[Round "?.1"]
[White "Chekhov, V."]
[Black "Chandler, M."]
[Result "1/2-1/2"]
[WhiteElo "2550"]
[BlackElo "2590"]
[PlyCount "61"]
[EventDate "1992.??.??"]

1. d4 Nf6 2. c4 e6 3. Nc3 Bb4 4. Qc2 O-O 5. a3 Bxc3+ 6. Qxc3 b6 7. Bg5 Bb7 8.
f3 h6 9. Bh4 d5 10. e3 Ba6 11. Rc1 Nbd7 12. cxd5 Bxf1 13. Kxf1 exd5 14. Qxc7
Rc8 15. Qxc8 Qxc8 16. Rxc8 Rxc8 17. Ne2 Rc2 18. b4 Ra2 19. Kf2 Rxa3 20. Rc1 Rb3
21. Rc8+ Kh7 22. Bxf6 Nxf6 23. Rc7 a6 24. Rxf7 Rxb4 25. Ra7 a5 26. g4 Rb2 27.
h4 Ne8 28. Ke1 Rb1+ 29. Kf2 Rb2 30. Ke1 Rb1+ 31. Kf2 1/2-1/2

[Event "BL 9192 Solingen-Empor Berlin"]
[Site "?"]
[Date "1992.??.??"]
[Round "?.2"]
[White "Lau, R."]
[Black "Kovalev, A."]
[Result "1/2-1/2"]
[WhiteElo "2480"]
[BlackElo "2570"]
[PlyCount "69"]
[EventDate "1992.??.??"]

1. e4 c5 2. Nf3 d6 3. d4 cxd4 4. Nxd4 Nf6 5. Nc3 Nc6 6. Bg5 e6 7. Qd2 a6 8.
O-O-O h6 9. Bf4 Bd7 10. Nxc6 Bxc6 11. f3 d5 12. Qe1 Bb4 13. a3 Ba5 14. Bd2 b5
15. Kb1 Bb6 16. exd5 Bxd5 17. Nxd5 Nxd5 18. Bb4 Rc8 19. f4 Bc5 20. Bxc5 Rxc5
21. f5 Qe7 22. fxe6 Qxe6 23. Qxe6+ fxe6 24. Re1 Ke7 25. g3 Rb8 26. Bh3 Rc6 27.
Re5 b4 28. a4 Rd8 29. Rhe1 Rdd6 30. R5e4 a5 31. Re5 Kf6 32. Bg4 Ke7 33. h4 Kf6
34. Bh3 Ke7 35. Bg4 1/2-1/2

[Event "BL 9192 Solingen-Empor Berlin"]
[Site "?"]
[Date "1992.??.??"]
[Round "?.3"]
[White "Volke, K."]
[Black "Mohr, S."]
[Result "1-0"]
[WhiteElo "2440"]
[BlackElo "2455"]
[PlyCount "73"]
[EventDate "1992.??.??"]

1. d4 d6 2. Nf3 Bg4 3. Nc3 e6 4. e4 Nf6 5. h3 Bh5 6. Bd3 Be7 7. Be3 O-O 8. Qd2
d5 9. e5 Nfd7 10. Ng5 h6 11. g4 Bxg5 12. gxh5 c5 13. h4 Bxe3 14. fxe3 Nc6 15.
O-O-O f5 16. Rdg1 Rf7 17. Nb5 Nf8 18. Kb1 Qa5 19. Qxa5 Nxa5 20. b3 Nc6 21. c4
dxc4 22. Bxc4 Rd8 23. Nd6 Rfd7 24. Nxf5 cxd4 25. Nxh6+ Kh8 26. Ng4 dxe3 27. h6
Nh7 28. Bxe6 Re7 29. hxg7+ Kxg7 30. Bc4 Kh8 31. e6 Nd4 32. Ne5 Nf8 33. Nf7+
Rxf7 34. exf7 b5 35. Rg8+ Kh7 36. Bd3+ Kh6 37. Rhg1 1-0

[Event "BL 9192 Solingen-Empor Berlin"]
[Site "?"]
[Date "1992.??.??"]
[Round "?.4"]
[White "Reeh, O."]
[Black "Poldauf, D."]
[Result "1-0"]
[WhiteElo "2445"]
[BlackElo "2360"]
[PlyCount "63"]
[EventDate "1992.??.??"]

1. d4 Nf6 2. c4 g6 3. Nc3 Bg7 4. e4 d6 5. f3 O-O 6. Be3 e5 7. Nge2 c6 8. Qd2
Nbd7 9. O-O-O a6 10. Kb1 b5 11. Nc1 Re8 12. dxe5 dxe5 13. Nb3 Bf8 14. Qf2 Qc7
15. Be2 Rb8 16. Rc1 bxc4 17. Bxc4 Rb4 18. Qe2 Nb6 19. Bd3 c5 20. Qf2 Nfd7 21.
Nd2 c4 22. Nxc4 Nxc4 23. Nd5 Na3+ 24. Ka1 Qa5 25. Nxb4 Bxb4 26. bxa3 Bc3+ 27.
Kb1 Bb7 28. Bc4 Qxa3 29. Bb3 a5 30. Rxc3 Qb4 31. Qb2 Ba6 32. Rd1 1-0

[Event "BL 9192 Solingen-Empor Berlin"]
[Site "?"]
[Date "1992.??.??"]
[Round "?.5"]
[White "Stern, R."]
[Black "Podzielny, K."]
[Result "1/2-1/2"]
[WhiteElo "2395"]
[BlackElo "2450"]
[PlyCount "82"]
[EventDate "1992.??.??"]

1. d4 Nf6 2. c4 g6 3. Nf3 Bg7 4. g3 O-O 5. Bg2 c6 6. O-O d6 7. Nc3 Qa5 8. h3
Be6 9. Qd3 Qa6 10. b3 d5 11. Ne5 dxc4 12. Nxc4 Rd8 13. Bb2 Nbd7 14. Ne5 Qa5 15.
Nxd7 Rxd7 16. Na4 Nh5 17. e3 Bd5 18. e4 Be6 19. Bc3 Qd8 20. Nc5 Rxd4 21. Bxd4
Qxd4 22. Rac1 Qxd3 23. Nxd3 Bd4 24. Kh2 a5 25. Rc2 a4 26. bxa4 Rxa4 27. Nc1 Nf6
28. Rd1 c5 29. f4 b5 30. Ne2 Bxa2 31. Nxd4 cxd4 32. e5 Nd5 33. Bxd5 Bxd5 34.
Rcd2 b4 35. Rxd4 e6 36. R1d2 Ra1 37. Rd1 Ra8 38. R4d2 b3 39. Rb1 Rb8 40. g4 Rb4
41. Kg3 h6 1/2-1/2

[Event "BL 9192 Solingen-Empor Berlin"]
[Site "?"]
[Date "1992.??.??"]
[Round "?.6"]
[White "Schaefer, Ma"]
[Black "Rosenthal, D."]
[Result "1-0"]
[WhiteElo "2430"]
[BlackElo "2350"]
[PlyCount "63"]
[EventDate "1992.??.??"]

1. e4 e6 2. d4 d5 3. Nd2 c5 4. Ngf3 cxd4 5. Nxd4 dxe4 6. Nxe4 Nf6 7. Nxf6+ Qxf6
8. Nb5 Qe5+ 9. Qe2 Qxe2+ 10. Bxe2 Na6 11. Bf4 Bc5 12. O-O-O O-O 13. Bd6 Bxd6
14. Rxd6 e5 15. Bf3 Nc5 16. Re1 f6 17. Bd5+ Kh8 18. b4 Nd7 19. Bb3 a6 20. Nc7
Ra7 21. Red1 b5 22. Ne6 Re8 23. Nc5 Nxc5 24. bxc5 g6 25. Rd8 Rae7 26. Bf7 Rxd8
27. Rxd8+ Kg7 28. Be8 Rc7 29. c6 Kh6 30. Kb2 Kg5 31. c4 Kf5 32. Rxc8 1-0

[Event "BL 9192 Solingen-Empor Berlin"]
[Site "?"]
[Date "1992.??.??"]
[Round "?.7"]
[White "Kimpinsky, F."]
[Black "Zysk, R."]
[Result "1/2-1/2"]
[WhiteElo "2310"]
[BlackElo "2390"]
[PlyCount "52"]
[EventDate "1992.??.??"]

1. e4 e6 2. d4 d5 3. e5 c5 4. c3 Nc6 5. Nf3 Bd7 6. a3 Nge7 7. b4 cxd4 8. cxd4
Nf5 9. Nc3 Rc8 10. Bb2 Nh4 11. Ng1 Be7 12. g3 Nf5 13. Nge2 f6 14. Bh3 fxe5 15.
Bxf5 exf5 16. Nxd5 e4 17. Qb3 Bd6 18. O-O Ne7 19. Nec3 Nxd5 20. Qxd5 Qe7 21.
Nb5 Bxb5 22. Qxb5+ Qd7 23. Qd5 Bb8 24. Qb3 Qf7 25. Qa4+ Qd7 26. Qb3 Qf7 1/2-1/2

[Event "BL 9192 Solingen-Empor Berlin"]
[Site "?"]
[Date "1992.??.??"]
[Round "?.8"]
[White "Dueball, J."]
[Black "Thinius, M."]
[Result "1/2-1/2"]
[WhiteElo "2410"]
[BlackElo "2365"]
[PlyCount "81"]
[EventDate "1992.??.??"]

1. e4 e5 2. Nf3 Nc6 3. Bb5 a6 4. Ba4 Nf6 5. O-O Be7 6. Re1 b5 7. Bb3 d6 8. c3
O-O 9. h3 Bb7 10. d4 Re8 11. Ng5 Rf8 12. a4 h6 13. Nf3 Re8 14. Nbd2 Bf8 15. d5
Na5 16. Bc2 c6 17. dxc6 Bxc6 18. Nf1 Qc7 19. Ng3 Rad8 20. axb5 axb5 21. Qe2 Ra8
22. Nh2 Nb3 23. Rxa8 Nxc1 24. Rxc1 Rxa8 25. Ng4 Qd8 26. Bb3 Nxg4 27. Qxg4 Qg5
28. Qxg5 hxg5 29. f3 g6 30. Nf1 Kg7 31. Ne3 Ra7 32. Kf2 Be7 33. Nd5 Bd8 34. g4
Bd7 35. Kg3 Be6 36. Rd1 Kf8 37. Rd2 Ke8 38. c4 bxc4 39. Bxc4 Ba5 40. Rd1 Kd8
41. b3 1/2-1/2

[Event "BL 9192 München 36-Koblenz"]
[Site "?"]
[Date "1992.??.??"]
[Round "?.2"]
[White "Smejkal, J."]
[Black "Dizdar, G."]
[Result "1/2-1/2"]
[WhiteElo "2535"]
[BlackElo "2495"]
[PlyCount "50"]
[EventDate "1992.??.??"]

1. c4 e6 2. Nf3 d5 3. g3 dxc4 4. Qa4+ Nd7 5. Bg2 c5 6. O-O Ngf6 7. Qxc4 b6 8.
Nc3 Bb7 9. d4 a6 10. dxc5 Bxc5 11. Bg5 Rc8 12. Qh4 b5 13. Ne5 Bxg2 14. Nxd7
Qxd7 15. Kxg2 Bd4 16. Rad1 Qb7+ 17. f3 Bxc3 18. bxc3 Nd5 19. Rd3 O-O 20. Bd2
Qe7 21. Qxe7 Nxe7 22. a4 bxa4 23. Ra1 Rc4 24. Rd4 Rxd4 25. cxd4 Rc8 1/2-1/2

[Event "BL 9192 München 36-Koblenz"]
[Site "?"]
[Date "1992.??.??"]
[Round "?.3"]
[White "Seul, G."]
[Black "Gruenberg, HU."]
[Result "0-1"]
[WhiteElo "2415"]
[BlackElo "2510"]
[PlyCount "106"]
[EventDate "1992.??.??"]

1. g3 d5 2. Bg2 c6 3. b3 Bg4 4. Bb2 Nd7 5. h3 Bh5 6. Nf3 Ngf6 7. O-O e6 8. d3
Be7 9. Nbd2 O-O 10. c4 Re8 11. cxd5 exd5 12. Nd4 Bc5 13. g4 Qb6 14. e3 Bg6 15.
N2f3 Qa6 16. Ne1 Ne5 17. Nf5 Bxf5 18. gxf5 Bd6 19. Kh1 Rad8 20. Rg1 Qa5 21. Nc2
Ned7 22. f4 d4 23. e4 Bxf4 24. Bxd4 Ne5 25. Qe2 c5 26. b4 Qa4 27. Raf1 cxd4 28.
Rxf4 Qxa2 29. Bf1 Kh8 30. Qg2 Rg8 31. Rf2 Qa6 32. Qg3 Qd6 33. Rfg2 b6 34. b5
Rc8 35. Qf2 Rc3 36. Rg3 Nh5 37. Rg5 Nf6 38. R5g3 Qc5 39. Nxd4 a6 40. bxa6 Nc6
41. Qa2 Qxd4 42. a7 Nxa7 43. Qxa7 Nh5 44. Rg5 Qf2 45. Qxf7 Rc2 46. Bg2 Ng3+ 47.
Kh2 Nf1+ 48. Rxf1 Qxf1 49. Rg3 Qf4 50. Qh5 Rd8 51. Qf3 Qe5 52. Qe3 b5 53. Qb6
Rxd3 0-1

[Event "BL 9192 München 36-Koblenz"]
[Site "?"]
[Date "1992.??.??"]
[Round "?.4"]
[White "Enders, P."]
[Black "Brueckner, T."]
[Result "1-0"]
[WhiteElo "2475"]
[BlackElo "2405"]
[PlyCount "89"]
[EventDate "1992.??.??"]

1. e4 Nc6 2. Nf3 e5 3. Bb5 a6 4. Ba4 Nf6 5. O-O Be7 6. Re1 b5 7. Bb3 d6 8. c3
O-O 9. h3 Nb8 10. d4 Nbd7 11. Nbd2 Bb7 12. Bc2 Re8 13. a4 Bf8 14. Bd3 c6 15. b3
g6 16. Bb2 Bg7 17. Ra2 Qc7 18. c4 bxa4 19. bxa4 exd4 20. Bxd4 Ne5 21. Nxe5 dxe5
22. Be3 c5 23. Qc2 Nh5 24. Nb1 Nf4 25. Nc3 Ne6 26. Nd5 Bxd5 27. cxd5 Nd4 28.
Bxd4 exd4 29. Rb1 Bf8 30. Rab2 h5 31. Rb7 Qe5 32. g3 h4 33. f4 Qh8 34. e5 hxg3
35. Bxg6 Re7 36. d6 Rxb7 37. Rxb7 Qxh3 38. Bxf7+ Kh8 39. Bc4 Qh2+ 40. Qxh2+
gxh2+ 41. Kxh2 Bh6 42. Kg3 Rf8 43. Rf7 Rd8 44. Kf3 a5 45. e6 1-0

[Event "BL 9192 München 36-Koblenz"]
[Site "?"]
[Date "1992.??.??"]
[Round "?.5"]
[White "Doncevic, D."]
[Black "Bastian, H."]
[Result "1-0"]
[WhiteElo "2355"]
[BlackElo "2330"]
[PlyCount "81"]
[EventDate "1992.??.??"]

1. e4 g6 2. d4 Bg7 3. Nc3 d6 4. f4 c6 5. Nf3 Nf6 6. Bd3 O-O 7. e5 Nd5 8. Nxd5
cxd5 9. O-O Nc6 10. c3 a6 11. Qe1 e6 12. b3 Re8 13. Qg3 b5 14. a3 Rb8 15. Ng5
f5 16. exf6 Qxf6 17. Bd2 Ne7 18. Rae1 Nf5 19. Qh3 h6 20. g4 Ne7 21. Kh1 Bd7 22.
Nf3 Qf7 23. Ne5 dxe5 24. fxe5 Nf5 25. gxf5 exf5 26. Bxh6 Qf8 27. Bd2 a5 28. Rg1
Rb6 29. b4 axb4 30. axb4 Ra6 31. Qf3 Bh6 32. Bxh6 Qxh6 33. Bxf5 Bxf5 34. Qxf5
Rf8 35. Qd7 Ra3 36. Qxd5+ Kh8 37. e6 Rxc3 38. e7 Re8 39. Qe5+ Kh7 40. Rgf1 Qg7
41. Qd5 1-0

[Event "BL 9192 München 36-Koblenz"]
[Site "?"]
[Date "1992.??.??"]
[Round "?.7"]
[White "Weidemann, J."]
[Black "Roese, O."]
[Result "1/2-1/2"]
[WhiteElo "2305"]
[BlackElo "2375"]
[PlyCount "73"]
[EventDate "1992.??.??"]

1. e4 c5 2. c3 Nf6 3. Bd3 Nc6 4. Nf3 e6 5. O-O d5 6. e5 Nd7 7. Re1 Qc7 8. Qe2
f6 9. exf6 Nxf6 10. Bf5 e5 11. Bxc8 Rxc8 12. Nxe5 Nxe5 13. Qxe5+ Qxe5 14. Rxe5+
Kf7 15. Re1 Bd6 16. Na3 Rhe8 17. Nc2 Ng4 18. h3 Ne5 19. d4 Nd3 20. Rxe8 Rxe8
21. Be3 c4 22. Rb1 Rc8 23. Ne1 Nxe1 24. Rxe1 Rc6 25. g4 Ra6 26. a3 Rb6 27. Re2
Rb3 28. Bg5 h6 29. Bd8 Bf4 30. Rc2 Ke8 31. Bh4 g5 32. Bg3 Bxg3 33. fxg3 b5 34.
Kf2 a5 35. Ke1 b4 36. axb4 axb4 37. Kd2 1/2-1/2

[Event "BL 9192 München 36-Koblenz"]
[Site "?"]
[Date "1992.??.??"]
[Round "?.8"]
[White "Reich, T."]
[Black "Reschke, S."]
[Result "0-1"]
[WhiteElo "2350"]
[BlackElo "2325"]
[PlyCount "120"]
[EventDate "1992.??.??"]

1. c4 Nf6 2. Nc3 g6 3. e4 d6 4. d4 Bg7 5. f3 O-O 6. Be3 Nc6 7. Nge2 a6 8. Qd2
Rb8 9. Nc1 e5 10. d5 Nd4 11. N1e2 c5 12. dxc6 Nxc6 13. Nd5 b5 14. Nec3 Nxd5 15.
cxd5 Nd4 16. Ne2 Nxe2 17. Bxe2 f5 18. O-O Qd7 19. Rac1 Bf6 20. b4 f4 21. Bf2
Bd8 22. Rc6 Bb7 23. Rc3 Bc7 24. Ra1 Rfc8 25. a4 bxa4 26. Rca3 Qd8 27. Rxa4 Bb6
28. Bf1 Ra8 29. g3 fxg3 30. hxg3 Bxf2+ 31. Kxf2 Qb6+ 32. Qe3 Rc2+ 33. Be2 Qd8
34. b5 Qc8 35. Kg1 axb5 36. Rxa8 Bxa8 37. Bxb5 Bb7 38. Bf1 Rc3 39. Qf2 Qc7 40.
Ra2 Rc5 41. f4 exf4 42. Qxf4 Qe7 43. Bh3 Kg7 44. Ra7 Rc7 45. Be6 Qf6 46. Kg2 g5
47. Qd2 Kh6 48. Kh3 Qf3 49. Ra1 Rc3 50. Rg1 Ba6 51. Kh2 Re3 52. Bg4 Qxe4 53.
Qb2 Kg6 54. Qb6 Bd3 55. Qxd6+ Kg7 56. Qd7+ Kg6 57. Rc1 Re2+ 58. Bxe2 Qxe2+ 59.
Kg1 Qe3+ 60. Kg2 Be4+ 0-1

[Event "BL 9192 Bayern-Porz"]
[Site "?"]
[Date "1992.??.??"]
[Round "?.3"]
[White "Hort, V."]
[Black "Ribli, Z."]
[Result "1/2-1/2"]
[WhiteElo "2560"]
[BlackElo "2595"]
[PlyCount "59"]
[EventDate "1992.??.??"]

1. d4 Nf6 2. c4 e6 3. Nc3 Bb4 4. e3 O-O 5. Bd3 c5 6. Nge2 d5 7. cxd5 cxd4 8.
exd4 Nxd5 9. O-O Nc6 10. a3 Be7 11. Qc2 g6 12. Rd1 Bf6 13. Be4 Nce7 14. Qb3 b6
15. Nxd5 Nxd5 16. Bh6 Re8 17. Qf3 Bb7 18. Rac1 Bg5 19. Bxg5 Qxg5 20. Qg3 Qxg3
21. hxg3 Rac8 22. f3 h5 23. Kf2 Red8 24. Rxc8 Rxc8 25. Rd2 Kf8 26. Nf4 Ke7 27.
Nxd5+ Bxd5 28. Rc2 Rxc2+ 29. Bxc2 Bc4 30. Ba4 1/2-1/2

[Event "BL 9192 Bayern-Porz"]
[Site "?"]
[Date "1992.??.??"]
[Round "?.4"]
[White "Hertneck, G."]
[Black "Vaganian, R."]
[Result "1/2-1/2"]
[WhiteElo "2530"]
[BlackElo "2590"]
[PlyCount "97"]
[EventDate "1992.??.??"]

1. d4 Nf6 2. c4 e6 3. Nc3 d5 4. Bg5 Be7 5. e3 O-O 6. Rc1 h6 7. Bh4 b6 8. Bxf6
Bxf6 9. cxd5 exd5 10. Nge2 Bb7 11. g3 c5 12. Bg2 Na6 13. O-O cxd4 14. Nxd4 Nc5
15. b4 Ne4 16. Nxe4 Bxd4 17. Nd6 Qxd6 18. Qxd4 Rad8 19. Rfd1 f5 20. Qb2 Rf7 21.
Rd4 Qe5 22. Rcd1 Kh8 23. Bf3 g5 24. Qd2 Rfd7 25. e4 fxe4 26. Bxe4 Rf8 27. Bg2
Rdf7 28. Rf1 Rf5 29. h4 Qf6 30. a4 Kg7 31. f4 g4 32. Re1 Rf7 33. Bxd5 Bxd5 34.
Rxd5 Rxd5 35. Qxd5 Qc3 36. Qe5+ Qxe5 37. Rxe5 Rd7 38. a5 Rd3 39. Kf2 Rf3+ 40.
Kg2 bxa5 41. Rxa5 Rb3 42. Rxa7+ Kf6 43. Ra6+ Kf5 44. Ra5+ Ke4 45. Re5+ Kd4 46.
b5 Rb2+ 47. Kf1 Rb3 48. h5 Kd3 49. Kf2 1/2-1/2

[Event "BL 9192 Bayern-Porz"]
[Site "?"]
[Date "1992.??.??"]
[Round "?.5"]
[White "Hickl, J."]
[Black "Boensch, U."]
[Result "1-0"]
[WhiteElo "2515"]
[BlackElo "2500"]
[PlyCount "83"]
[EventDate "1992.??.??"]

1. g3 d5 2. Bg2 c6 3. d3 Nf6 4. Nf3 Bg4 5. b3 e6 6. Bb2 Nbd7 7. O-O Be7 8. h3
Bxf3 9. exf3 O-O 10. f4 Ne8 11. Nd2 Bf6 12. d4 Nd6 13. Nf3 Qc7 14. Ne5 Rfd8 15.
Qe2 a5 16. c4 a4 17. Rfc1 Qa5 18. h4 Nf5 19. Bc3 Qa6 20. Bf1 Nf8 21. c5 Qxe2
22. Bxe2 Bxe5 23. fxe5 f6 24. exf6 gxf6 25. Bd3 axb3 26. axb3 Nh6 27. b4 Nf7
28. Re1 Re8 29. Kg2 e5 30. Bf5 Nh6 31. Bh3 e4 32. Bd2 Nf7 33. Ra5 Rxa5 34. bxa5
Ne6 35. Bxe6 Rxe6 36. Rb1 Re7 37. Rb6 Rc7 38. Bf4 Rd7 39. a6 bxa6 40. Rxc6 Ra7
41. Rc8+ Kg7 42. c6 1-0

[Event "BL 9192 Bayern-Porz"]
[Site "?"]
[Date "1992.??.??"]
[Round "?.6"]
[White "Bischoff, K."]
[Black "Knaak, R."]
[Result "1-0"]
[WhiteElo "2495"]
[BlackElo "2505"]
[PlyCount "61"]
[EventDate "1992.??.??"]

1. c4 g6 2. d4 Bg7 3. Nc3 d6 4. Nf3 Nd7 5. g3 Ngf6 6. Bg2 O-O 7. O-O e5 8. h3
Re8 9. e4 exd4 10. Nxd4 a6 11. Re1 Rb8 12. a4 Ne5 13. b3 Bd7 14. Ra2 Qc8 15.
Kh2 h5 16. Bg5 Nh7 17. Be3 h4 18. gxh4 Qd8 19. f4 Qxh4 20. fxe5 Bxe5+ 21. Kg1
Qg3 22. Nd5 c6 23. Nb6 Bxh3 24. Kf1 Nf6 25. Qf3 Bxg2+ 26. Rxg2 Qh4 27. Bg5 Qh8
28. Nf5 Rbd8 29. Nh6+ Kg7 30. Rf2 Re6 31. Nd5 1-0

[Event "BL 9192 Bayern-Porz"]
[Site "?"]
[Date "1992.??.??"]
[Round "?.7"]
[White "Vogt, L."]
[Black "Stangl, M."]
[Result "1-0"]
[WhiteElo "2515"]
[BlackElo "2465"]
[PlyCount "91"]
[EventDate "1992.??.??"]

1. e4 c5 2. Nf3 d6 3. d4 cxd4 4. Nxd4 Nf6 5. Nc3 a6 6. Be3 e5 7. Nf3 Qc7 8. a4
Be7 9. Be2 O-O 10. O-O Qc6 11. Nd5 Nxd5 12. exd5 Qe8 13. Nd2 f5 14. f4 Nd7 15.
Nc4 Rb8 16. Kh1 Qf7 17. Ra3 Kh8 18. a5 Re8 19. Bh5 g6 20. Bf3 Bf8 21. Qd2 Nf6
22. Nb6 Bd7 23. c4 Rbd8 24. b4 exf4 25. Bxf4 Ne4 26. Bxe4 Rxe4 27. Re3 Rde8 28.
Rxe4 Rxe4 29. Re1 Kg8 30. h3 h5 31. Rxe4 fxe4 32. Qe3 Bf5 33. c5 dxc5 34. bxc5
Qe8 35. d6 Qb5 36. Kh2 Bg7 37. Qd2 Qd3 38. Qa2+ Kh8 39. Qf7 e3 40. Qe8+ Kh7 41.
d7 e2 42. Bg3 Bf6 43. Qf7+ Kh6 44. Qxf6 Qxg3+ 45. Kxg3 e1=Q+ 46. Kh2 1-0

[Event "BL 9192 Bayern-Porz"]
[Site "?"]
[Date "1992.??.??"]
[Round "?.8"]
[White "Schlosser, P."]
[Black "Jackelen, T."]
[Result "1/2-1/2"]
[WhiteElo "2485"]
[BlackElo "2400"]
[PlyCount "74"]
[EventDate "1992.??.??"]

1. Nf3 Nf6 2. c4 g6 3. g3 Bg7 4. Bg2 O-O 5. d4 d6 6. O-O Nbd7 7. Nc3 e5 8. h3
Re8 9. e4 exd4 10. Nxd4 a6 11. Re1 Rb8 12. f4 c6 13. Rb1 Qc7 14. Kh2 h5 15. Be3
Nc5 16. Bf2 h4 17. g4 Nh7 18. Bxh4 Ne6 19. Nde2 g5 20. Bg3 gxf4 21. Nxf4 Nxf4
22. Bxf4 Be5 23. Bxe5 dxe5 24. Ne2 Be6 25. Qc2 Rbd8 26. Red1 Nf8 27. Qc3 Ng6
28. b3 Rd7 29. Ng3 Red8 30. Bf3 Nf4 31. Rxd7 Rxd7 32. Rd1 Rxd1 33. Bxd1 Qd8 34.
Qe1 Qd4 35. Bf3 Qb2+ 36. Ne2 Qxa2 37. Qh4 Nxe2 1/2-1/2

[Event "BL 9192 Koblenz-Bayern"]
[Site "?"]
[Date "1992.??.??"]
[Round "?.1"]
[White "Huebner, R."]
[Black "Gurevich, M."]
[Result "1/2-1/2"]
[WhiteElo "2615"]
[BlackElo "2635"]
[PlyCount "49"]
[EventDate "1992.??.??"]

1. e4 e6 2. d4 d5 3. Nc3 Nf6 4. Bg5 dxe4 5. Nxe4 Be7 6. Bxf6 Bxf6 7. Nf3 O-O 8.
Qd2 b6 9. O-O-O Bb7 10. Qf4 Nd7 11. Bc4 Bd5 12. Bd3 Be7 13. c4 Bb7 14. h4 Nf6
15. Ne5 a6 16. Nxf6+ Bxf6 17. Be4 Bxe4 18. Qxe4 Bxe5 19. dxe5 Qe7 20. Rd2 Rad8
21. Rhd1 Rxd2 22. Rxd2 Rd8 23. g3 Rxd2 24. Kxd2 g6 25. Qd4 1/2-1/2

[Event "BL 9192 Koblenz-Bayern"]
[Site "?"]
[Date "1992.??.??"]
[Round "?.3"]
[White "Ribli, Z."]
[Black "Seul, G."]
[Result "1-0"]
[WhiteElo "2595"]
[BlackElo "2415"]
[PlyCount "55"]
[EventDate "1992.??.??"]

1. c4 e5 2. g3 Nc6 3. Bg2 f5 4. Nc3 Nf6 5. e3 Bb4 6. Nge2 Bxc3 7. Nxc3 O-O 8.
d3 d6 9. O-O Be6 10. Bd2 Kh8 11. Nd5 Bf7 12. Rc1 Bh5 13. Qb3 Rb8 14. f4 Qd7 15.
h3 exf4 16. gxf4 Ne7 17. Kh2 Nfxd5 18. cxd5 c6 19. Rg1 Nxd5 20. Bxd5 cxd5 21.
Bc3 Rf7 22. Rg5 Qe6 23. Bd4 Qh6 24. Qxd5 Bg4 25. Rxg4 fxg4 26. Qxf7 Qxh3+ 27.
Kg1 Qg3+ 28. Kf1 1-0